Štátna podpora inovácií v cestovnom ruchu na príklade Švajčiarska a Slovenska

Podstata inovácií v cestovnom ruchu a postavenie štátu v ich podpore. Podpora inovácií v cestovnom ruchu vo Švajčiarsku. Podpora inovácií v cestovnom ruchu na Slovensku.

Gespeichert in:
Bibliographische Detailangaben
1. Verfasser: Malachovský, Andrej
Weitere Verfasser: Murínová, Simona
Format: Buchkapitel
Sprache:Slowakisch
Schlagworte:
Tags: Tag hinzufügen
Keine Tags, Fügen Sie das erste Tag hinzu!

MARC

LEADER 00000naa a2200000 4500
001 0161968
005 20231204132111.0
041 0 |a slo 
044 |a SK 
245 1 0 |a Štátna podpora inovácií v cestovnom ruchu na príklade Švajčiarska a Slovenska  |c Andrej Malachovský, Simona Murínová 
520 |a Podstata inovácií v cestovnom ruchu a postavenie štátu v ich podpore. Podpora inovácií v cestovnom ruchu vo Švajčiarsku. Podpora inovácií v cestovnom ruchu na Slovensku. 
610 2 0 |a ruch cestovný 
610 2 0 |a inovácia 
610 2 0 |a podpora štátna 
610 2 0 |a Švajčiarsko 
610 2 0 |a Slovensko 
100 1 |a Malachovský, Andrej 
700 1 |a Murínová, Simona